Climate alarmism reconsidered (Record no. 130787)

MARC details
000 -LEADER
fixed length control field 00583nam a2200193Ia 4500
008 - FIXED-LENGTH DATA ELEMENTS--GENERAL INFORMATION
fixed length control field 191130s2003##################000#0#eng##
020 ## - INTERNATIONAL STANDARD BOOK NUMBER
ISBN 9780255365413
082 ## - DEWEY DECIMAL CLASSIFICATION NUMBER
Classification number 551 BRA
100 ## - MAIN ENTRY--AUTHOR NAME
Personal name Bradley Jr, Robert L
245 ## - TITLE STATEMENT
Title Climate alarmism reconsidered
Statement of responsibility, etc Robert L. Bradley Jr
260 ## - PUBLICATION, DISTRIBUTION, ETC. (IMPRINT)
Place of publication London
Name of publisher Institute of Economic Affairs
Year of publication 2003
300 ## - PHYSICAL DESCRIPTION
Number of Pages 177 p. : ill. ; 22 cm
500 ## - GENERAL NOTE
General note Includes bibliographical references
650 ## - SUBJECT ADDED ENTRY--TOPICAL TERM
Topical Term Global environmental change
991 ## -
-- 104840
Holdings
Withdrawn status Lost status Damaged status Not for loan Home library Current library Shelving location Date acquired Full call number Accession Number Price effective from Koha item type
        Anna Centenary Library Anna Centenary Library 5TH FLOOR, A WING 12.10.2020 551 BRA 400504 12.10.2020 English Books

Find us on the map